[Event "King's Gambit B"]
[Site "Lipetsk RUS"]
[Date "2009.07.01"]
[Round "9"]
[White "Rysbayeva,N"]
[Black "Bezgodova,S"]
[Result "0-1"]
[WhiteElo "2106"]
[BlackElo "2198"]
[EventDate "2009.06.23"]

1. e4 e5 2. Nf3 Nc6 3. Nc3 Nf6 4. d4 exd4 5. Nxd4 Bb4 6. Nxc6 bxc6 7. Bd3
d5 8. exd5 cxd5 9. O-O O-O 10. Bg5 c6 11. Qf3 Re8 12. Bxf6 Qxf6 13. Qxf6
gxf6 14. Ne2 Bg4 15. Ng3 Re5 16. c3 Bc5 17. h3 Bd7 18. Rfe1 Rae8 19. Kf1 a5
20. Rad1 Rb8 21. b3 Ba3 22. Bc2 Be6 23. f4 Rxe1+ 24. Rxe1 Bb2 25. Ne2 Re8
26. Rb1 Ba3 27. Ng3 Bc8 28. Nh5 Ba6+ 29. c4 dxc4 30. Nxf6+ Kf8 31. Kg1 Re2
32. Bf5 c3 33. Nd7+ Kg7 34. Rd1 c2 35. Bxc2 Rxc2 36. Kh2 Bc1 37. Rd4 Bf1
38. f5 h5 39. f6+ Kg6 40. Kg3 Rxg2+ 41. Kf3 Rc2 42. h4 Bg2+ 43. Kg3 Bd5 44.
Ne5+ Kxf6 45. Nd3 Ba3 46. Rf4+ Kg7 47. Ne1 Rxa2 48. b4 Bxb4 49. Nf3 Bd6 50.
Nd4 Bxf4+ 51. Kxf4 Ra4 52. Ke5 f6+ 53. Kd6 Rxd4 54. Ke7 Bc4 55. Ke8 f5 0-1

[Event "King's Gambit B"]
[Site "Lipetsk RUS"]
[Date "2009.07.01"]
[Round "9"]
[White "Nikitin,Y2"]
[Black "Pesotsky,V"]
[Result "0-1"]
[WhiteElo "2292"]
[BlackElo "2318"]
[EventDate "2009.06.23"]

1. e4 Nf6 2. e5 Nd5 3. d4 d6 4. c4 Nb6 5. exd6 cxd6 6. Nc3 g6 7. Be3 Bg7 8.
Rc1 O-O 9. b3 Bf5 10. Be2 Nc6 11. d5 Nb4 12. Qd2 e5 13. dxe6 Bxe6 14. Nb5
a5 15. a3 Na6 16. Nxd6 Nd7 17. Nxb7 Qc7 18. Bf3 Ne5 19. Bd5 Bxd5 20. Qxd5
Rab8 21. Nd6 Rxb3 22. Rd1 Rxa3 23. Nb5 Rxe3+ 24. fxe3 Qe7 25. Nf3 Nb4 26.
Qd6 Nxf3+ 27. Ke2 Qe4 28. gxf3 Qxc4+ 29. Kf2 Qxb5 30. Rhg1 Re8 31. Rg4 h5
32. Rg2 a4 33. Kg1 Rxe3 34. Rb1 Rb3 35. Rc1 Qd3 36. Qe7 Rb1 0-1

[Event "King's Gambit B"]
[Site "Lipetsk RUS"]
[Date "2009.06.23"]
[Round "10"]
[White "Pesotsky,V"]
[Black "Tarlev,K"]
[Result "1/2-1/2"]
[WhiteElo "2318"]
[BlackElo "2469"]
[EventDate "2009.06.23"]

1. e4 e5 2. Nf3 Nc6 3. Nc3 Nf6 4. Bb5 Bb4 5. O-O O-O 6. d3 d6 7. Bg5 Bxc3
8. bxc3 h6 9. Bh4 Qe7 10. Bxc6 bxc6 11. Nd2 Qe6 12. Bg3 Rb8 13. f4 exf4 14.
Bxf4 c5 15. c4 Bd7 16. Nb3 Ng4 17. Qe1 g5 18. Bd2 f5 19. exf5 Rxf5 20.
Qxe6+ Bxe6 21. Rxf5 Bxf5 22. Re1 Ne5 23. Ba5 Rc8 24. Nxc5 Nxc4 1/2-1/2

[Event "King's Gambit B"]
[Site "Lipetsk RUS"]
[Date "2009.06.23"]
[Round "10"]
[White "Bezgodova,S"]
[Black "Rysbayeva,A"]
[Result "0-1"]
[WhiteElo "2198"]
[BlackElo "2167"]
[EventDate "2009.06.23"]

1. e4 e5 2. Nf3 Nc6 3. Nc3 Nf6 4. d4 exd4 5. Nxd4 Bb4 6. Nxc6 bxc6 7. Bd3
d5 8. exd5 cxd5 9. O-O O-O 10. Bg5 c6 11. a3 Bd6 12. Ne2 Bxh2+ 13. Kxh2
Ng4+ 14. Kg1 Qxg5 15. Ng3 Re8 16. Qf3 Bd7 17. b4 Qh4 18. Rfd1 Qh2+ 19. Kf1
h5 20. Bf5 Ne5 21. Qc3 Bxf5 22. Nxf5 Qh1+ 23. Ke2 Qxg2 24. Rg1 Qe4+ 25. Kd2
Qxf5 0-1

[Event "King's Gambit B"]
[Site "Lipetsk RUS"]
[Date "2009.06.23"]
[Round "10"]
[White "Bezgodova,M"]
[Black "Rysbayeva,N"]
[Result "1-0"]
[WhiteElo "2100"]
[BlackElo "2106"]
[EventDate "2009.06.23"]

1. e4 e5 2. Nf3 d6 3. Nc3 Nf6 4. d4 exd4 5. Nxd4 Be7 6. f3 O-O 7. Be3 Nc6
8. Qd2 d5 9. Nxc6 bxc6 10. e5 Nd7 11. f4 Nc5 12. Be2 Bf5 13. O-O Ne4 14.
Nxe4 Bxe4 15. Bf3 Bxf3 16. Rxf3 c5 17. Rh3 d4 18. Qd3 g6 19. Bf2 f5 20.
Qc4+ Kg7 21. Rd1 Qe8 22. Rdd3 Qc6 23. Rxd4 Rad8 24. Rxd8 Rxd8 25. Rd3 Rxd3
26. Qxd3 c4 27. Qd4 a6 28. h3 Kf7 29. c3 Qa4 30. Qd5+ Kf8 31. a3 Qb3 32. e6
Bd6 33. g3 Qxb2 34. Qa8+ Ke7 35. Qg8 Qb5 36. Qf7+ Kd8 37. Qxh7 Qb1+ 38. Kh2
Qb5 39. Qxg6 Bxa3 40. h4 a5 41. Qg8+ Ke7 42. Bd4 Kd6 43. Be5+ Kc5 44. e7
1-0

[Event "King's Gambit B"]
[Site "Lipetsk RUS"]
[Date "2009.06.23"]
[Round "10"]
[White "Morev,I"]
[Black "Nikitin,Y2"]
[Result "1/2-1/2"]
[WhiteElo "2266"]
[BlackElo "2292"]
[EventDate "2009.06.23"]

1. e4 c5 2. Nf3 d6 3. d4 cxd4 4. Nxd4 Nf6 5. Nc3 a6 6. Be2 e6 7. a4 Be7 8.
O-O O-O 9. Be3 Bd7 10. a5 Nc6 1/2-1/2

[Event "King's Gambit B"]
[Site "Lipetsk RUS"]
[Date "2009.06.23"]
[Round "10"]
[White "Lomako,P"]
[Black "Airapetian,Ta"]
[Result "1/2-1/2"]
[WhiteElo "2417"]
[BlackElo "2125"]
[EventDate "2009.06.23"]

1. d4 Nf6 2. Nf3 e6 3. Bg5 h6 4. Bh4 b6 5. e3 Bb7 6. Nbd2 g5 7. Bg3 d6 8.
h3 Nbd7 9. Bd3 Qe7 10. Qe2 O-O-O 11. Ba6 Nh5 12. Bh2 f5 13. a4 g4 14. hxg4
fxg4 15. a5 Nb8 16. Bxb7+ Kxb7 17. Bg1 Nf6 18. Nh4 Rg8 19. axb6 cxb6 20. c3
Nd5 21. Qd3 Qf7 22. f4 gxf3 23. gxf3 Be7 24. Bf2 Rg7 25. O-O-O Rdg8 26. f4
Nc6 27. Rh2 Nf6 28. Nhf3 Ng4 29. Rg2 Qh5 30. Qe2 Qf5 31. Rdg1 h5 32. Bg3
Nxe3 33. Qxe3 h4 34. Nxh4 Bxh4 35. Qf3 Be7 36. Bh2 Rxg2 37. Rxg2 Rh8 38.
Qe4 Qxe4 39. Nxe4 Kc7 40. Kd2 Kd7 41. Bg1 Rh4 42. Be3 Na5 43. Kd3 d5 44.
Nd2 Rh3 45. Ke2 Nc4 46. Nxc4 dxc4 47. Bf2 a5 48. d5 b5 49. dxe6+ Kxe6 50.
Bb6 a4 51. Kd2 Bf6 52. Bc5 Kf5 53. Kc2 Kxf4 54. Rf2+ Kg5 55. Kb1 Be5 56.
Rf7 Bxc3 57. bxc3 Rxc3 58. Rf2 a3 59. Ka2 Rb3 60. Bxa3 Kg4 61. Bb2 Kg3 62.
Rf7 Kg4 63. Rf1 Kg3 64. Rf6 1/2-1/2

[Event "King's Gambit B"]
[Site "Lipetsk RUS"]
[Date "2009.06.23"]
[Round "11"]
[White "Airapetian,Ta"]
[Black "Pesotsky,V"]
[Result "0-1"]
[WhiteElo "2125"]
[BlackElo "2318"]
[EventDate "2009.06.23"]

1. e4 Nf6 2. e5 Nd5 3. d4 Nb6 4. c4 d6 5. exd6 cxd6 6. Nc3 g6 7. Be3 Bg7 8.
Rc1 O-O 9. b3 e6 10. Nf3 N8d7 11. Be2 Nf6 12. h3 Bd7 13. O-O Bc6 14. Bg5 h6
15. Bh4 g5 16. Bg3 Ne4 17. Nxe4 Bxe4 18. Ne1 Nc8 19. Bd3 d5 20. Bxe4 dxe4
21. Nc2 Ne7 22. Qe2 f5 23. Be5 Bxe5 24. dxe5 Qa5 25. Qh5 Kg7 26. Rcd1 Rad8
27. h4 g4 28. Ne3 Ng6 29. Nxg4 fxg4 30. Qxg4 Rxd1 31. Rxd1 Qxa2 32. Rf1 Rf4
33. Qxe6 e3 34. fxe3 Rxf1+ 35. Kxf1 Qa1+ 36. Ke2 Qb2+ 37. Kf3 Qxe5 38.
Qxe5+ Nxe5+ 39. Ke4 Kf6 40. Kd5 Ng4 41. e4 Ke7 42. g3 h5 43. b4 Ne3+ 44.
Kd4 Nf1 45. Ke5 Nxg3 46. Kf4 Nf1 47. c5 Nd2 48. Kf5 a6 49. Kg5 Nxe4+ 50.
Kxh5 Kf6 51. Kh6 Ng3 52. h5 Kf5 0-1

[Event "King's Gambit B"]
[Site "Lipetsk RUS"]
[Date "2009.06.23"]
[Round "11"]
[White "Tarlev,K"]
[Black "Morev,I"]
[Result "1-0"]
[WhiteElo "2469"]
[BlackElo "2266"]
[EventDate "2009.06.23"]

1. d4 Nf6 2. Nf3 g6 3. Bg5 Bg7 4. Nbd2 h6 5. Bh4 d6 6. e4 g5 7. Bg3 Nh5 8.
c3 Nd7 9. Bd3 Nxg3 10. hxg3 c5 11. Nc4 cxd4 12. Nxd4 Ne5 13. Ne3 e6 14. f4
Ng6 15. Bb5+ Ke7 16. Ndf5+ exf5 17. exf5 gxf4 18. Nd5+ Kf8 19. fxg6 a6 20.
O-O axb5 21. Rxf4 Be6 22. Qf3 f6 23. Nxf6 Qb6+ 24. Kh2 Ke7 25. Re1 1-0

[Event "King's Gambit B"]
[Site "Lipetsk RUS"]
[Date "2009.06.23"]
[Round "11"]
[White "Rysbayeva,A"]
[Black "Bezgodova,M"]
[Result "1-0"]
[WhiteElo "2167"]
[BlackElo "2100"]
[EventDate "2009.06.23"]

1. e4 e5 2. Nf3 Nc6 3. Bb5 a6 4. Ba4 Nf6 5. O-O Be7 6. Re1 b5 7. Bb3 d6 8.
c3 O-O 9. d4 Bg4 10. d5 Na5 11. Bc2 c6 12. h3 Bc8 13. dxc6 Qc7 14. Nbd2
Nxc6 15. Nf1 h6 16. a4 Be6 17. Ne3 Rfd8 18. Qe2 Qb7 19. Nh2 Na5 20. axb5
axb5 21. Qf3 Nb3 22. Rxa8 Rxa8 23. Bxb3 Bxb3 24. Nf5 Be6 25. Ng4 Nxg4 26.
Qxg4 Bxf5 27. Qxf5 Ra1 28. Bd2 Qa6 29. Qg4 b4 30. cxb4 Bg5 31. Bc3 Rxe1+
32. Bxe1 Qc4 33. Bc3 Kh7 34. Qf3 Kg8 35. g3 Bd8 36. Qd1 Bc7 37. Qd5 Qa6 38.
b5 Qa7 39. Kg2 h5 40. h4 g6 41. Bd2 Bb6 42. Qxd6 Bxf2 43. Bh6 Bc5 44. Qd8+
Kh7 45. Qf6 1-0

[Event "King's Gambit B"]
[Site "Lipetsk RUS"]
[Date "2009.06.23"]
[Round "11"]
[White "Nikitin,Y2"]
[Black "Bezgodova,S"]
[Result "1/2-1/2"]
[WhiteElo "2292"]
[BlackElo "2198"]
[EventDate "2009.06.23"]

1. e4 e5 2. Nf3 Nc6 3. d4 exd4 4. Nxd4 Bc5 5. Be3 Qf6 6. c3 Nge7 7. Bc4 Ne5
8. Be2 d6 9. O-O Qg6 10. f4 Qxe4 11. Bf2 Bxd4 12. cxd4 N5g6 13. Nc3 Qf5 14.
Bg3 O-O 15. Bd3 Qa5 16. f5 Nxf5 17. Bxf5 Bxf5 18. b4 Qa3 19. Nd5 Be4 20.
Nxc7 Rac8 21. Bxd6 Rfd8 22. Qe1 f5 23. Bg3 a6 24. d5 h5 25. h4 Rxc7 26.
Bxc7 Rxd5 27. Qg3 Qxg3 28. Bxg3 Rd3 29. Kh2 Rd2 30. Rf2 Rd4 31. Rb2 Bc6 32.
Rf1 Nxh4 33. Rf4 Rxf4 34. Bxf4 Ng6 35. Bd6 1/2-1/2

[Event "King's Gambit B"]
[Site "Lipetsk RUS"]
[Date "2009.06.23"]
[Round "11"]
[White "Rozanov,P"]
[Black "Lomako,P"]
[Result "1/2-1/2"]
[WhiteElo "2306"]
[BlackElo "2417"]
[EventDate "2009.06.23"]

1. d4 d5 2. c4 c6 3. cxd5 cxd5 4. Nc3 Nc6 5. Nf3 Nf6 6. Bf4 Bf5 7. e3 e6 8.
Bd3 Bxd3 9. Qxd3 Be7 10. O-O O-O 1/2-1/2

GM Berlin
---------

[Event "GM"]
[Site "Berlin GER"]
[Date "2009.07.06"]
[Round "4"]
[White "Tischbierek,R"]
[Black "Rabiega,R"]
[Result "1/2-1/2"]
[WhiteElo "2447"]
[BlackElo "2551"]
[EventDate "2009.07.04"]

1. e4 e5 2. Nf3 Nc6 3. Bb5 Bc5 4. O-O Nf6 5. c3 O-O 6. d4 Bb6 7. Bg5 d6 8.
Qd3 h6 9. Bh4 Qe7 10. Nbd2 Nb8 11. Rfe1 c6 12. Ba4 Re8 13. c4 Nbd7 14. c5
dxc5 15. dxe5 Nxe5 16. Nxe5 Qxe5 17. Nf3 c4 18. Nxe5 cxd3 19. Bxf6 d2 20.
Re2 gxf6 21. Nc4 Be6 22. Nxd2 Rad8 23. Bb3 Bxb3 24. Nxb3 f5 25. Nd2 Ba5 26.
Nc4 Bc7 27. e5 b5 28. Ne3 Rxe5 29. Kf1 f4 30. Nd1 b4 31. Rxe5 Bxe5 32. Ke2
c5 33. Rc1 Bd4 34. Rc2 Re8+ 35. Kf3 Re1 36. Rd2 Be5 37. b3 Kg7 38. Nb2 Rh1
39. h3 Bd4 40. Nd3 a5 41. Rc2 Ra1 42. Kxf4 Kf6 43. g4 Ke6 44. Nxc5+ Bxc5
45. Rxc5 Rxa2 46. Rc6+ Kd5 47. Rxh6 Kd4 48. Kg3 Ra3 1/2-1/2

Coupe de France Finale
----------------------

[Event "Coupe de France Finale"]
[Site "Villandry FRA"]
[Date "2009.06.28"]
[Round "1"]
[White "Chuchelov,V"]
[Black "Pelletier,Y"]
[Result "1/2-1/2"]
[WhiteElo "2575"]
[BlackElo "2559"]
[EventDate "2009.06.28"]

1. Nf3 Nf6 2. c4 c5 3. Nc3 e6 4. g3 b6 5. Bg2 Bb7 6. O-O Be7 7. d4 cxd4 8.
Qxd4 d6 9. b3 O-O 10. Rd1 Nbd7 11. Bb2 a6 12. e4 Qc7 13. h3 Rfe8 14. Ba3
Nc5 15. e5 dxe5 16. Qxe5 Rac8 17. Qxc7 Rxc7 18. Ne5 Bxg2 19. Kxg2 g5 20.
Rd4 Rd8 21. Rxd8+ Bxd8 22. Rd1 Be7 23. f4 gxf4 24. gxf4 Kf8 25. Kf3 Ncd7
26. Bb2 Ke8 27. Rg1 Kf8 28. Rd1 Ke8 29. Rg1 Kf8 30. Rd1 1/2-1/2

4th Polonia Wroclaw International
---------------------------------

[Event "4th Polonia Wroclaw Open A"]
[Site "Wroclaw POL"]
[Date "2009.06.20"]
[Round "1"]
[White "Tiviakov,S"]
[Black "Strzemiecki,Z"]
[Result "1-0"]
[WhiteElo "2697"]
[BlackElo "2307"]
[EventDate "2009.06.20"]

1. e4 e6 2. d4 d5 3. Nd2 Nf6 4. e5 Nfd7 5. c3 c5 6. Bd3 Nc6 7. Ne2 cxd4 8.
cxd4 Qb6 9. Nf3 f6 10. exf6 Nxf6 11. O-O Bd6 12. Rb1 O-O 13. Bf4 Bxf4 14.
Nxf4 Ne4 15. Ne2 Rxf3 16. gxf3 Ng5 17. f4 Nf3+ 18. Kh1 g6 19. b4 Bd7 20. b5
Ncxd4 21. Nxd4 Nxd4 22. Qg4 Be8 23. Rfe1 Bf7 24. h4 Qd8 25. Kg2 Rc8 26.
Rbc1 Be8 27. h5 Rxc1 28. Rxc1 Kg7 29. Qg5 Qxg5+ 30. fxg5 Nxb5 31. Bxb5 Bxb5
32. Rc7+ Kg8 33. Rxb7 Bc4 34. h6 1-0

[Event "4th Polonia Wroclaw Open A"]
[Site "Wroclaw POL"]
[Date "2009.06.20"]
[Round "1"]
[White "Nemcova,Kat"]
[Black "Postny,E"]
[Result "0-1"]
[WhiteElo "2294"]
[BlackElo "2648"]
[EventDate "2009.06.20"]

1. e4 e5 2. Nf3 Nc6 3. Bb5 a6 4. Ba4 Nf6 5. O-O Be7 6. Re1 b5 7. Bb3 d6 8.
c3 O-O 9. h3 Na5 10. Bc2 c5 11. d4 Nc6 12. d5 Na5 13. b3 Qc7 14. Nbd2 c4
15. b4 Nb7 16. a4 Bd7 17. a5 g6 18. Nf1 Ne8 19. Bh6 Ng7 20. Qd2 Nd8 21.
N3h2 f6 22. Rad1 Nf7 23. Be3 f5 24. exf5 Nxf5 25. Bb6 Qb7 26. Ng4 Nh4 27.
Nfh2 h5 28. Nh6+ Nxh6 29. Qxh6 Bf5 30. Be4 Qd7 31. Nf3 Rf7 32. Nxh4 Bxh4
33. Bxf5 Qxf5 34. Qe3 Raf8 35. Re2 Kh7 36. Rf1 Bg5 37. Qg3 Bf4 38. Qf3 Qd3
39. Qxd3 cxd3 40. Rb2 Rc8 41. Rb3 Rc4 42. Rd1 e4 43. Bd4 Re7 44. Kf1 Be5
45. Bxe5 Rxe5 46. Ke1 Rxd5 47. Kd2 Rg5 48. Rg1 h4 49. Rbb1 d5 50. Rbe1 Kg7
51. f3 Kf6 52. fxe4 dxe4 53. Re3 Rf5 54. g4 Rf2+ 55. Ke1 Rf4 56. Kd2 Ke5
57. Rge1 Rf2+ 58. Kd1 Kf4 0-1

[Event "4th Polonia Wroclaw Open A"]
[Site "Wroclaw POL"]
[Date "2009.06.20"]
[Round "1"]
[White "Kadziolka,B"]
[Black "Socko,B"]
[Result "0-1"]
[WhiteElo "2292"]
[BlackElo "2637"]
[EventDate "2009.06.20"]

1. d4 Nf6 2. c4 e6 3. Nc3 Bb4 4. Qc2 c5 5. dxc5 Na6 6. a3 Bxc5 7. Nf3 O-O
8. Bg5 h6 9. Bh4 Be7 10. e3 b6 11. Be2 Bb7 12. b4 Nb8 13. O-O a5 14. bxa5
Rxa5 15. Nb5 Na6 16. Rfd1 Ne4 17. Bxe7 Qxe7 18. Nd2 Nac5 19. Nxe4 Bxe4 20.
Qc3 Rfa8 21. Qe5 Bc6 22. Bf3 Bxb5 23. Bxa8 Ba4 24. Bf3 Bxd1 25. Rxd1 Qd8
26. Qb2 Ra6 27. g3 Qf6 28. Qxf6 gxf6 29. Rb1 Kf8 30. Kg2 Ke7 31. h4 f5 32.
Bd1 Rxa3 33. Rxb6 Ra2 34. Kf1 Ra1 35. Ke2 Ne4 36. Bc2 Ra2 37. Kd3 Nxf2+ 38.
Kc3 Nh1 39. c5 Ra7 40. e4 fxe4 41. Bxe4 Nxg3 42. Bd3 Ra3+ 43. Kd4 e5+ 0-1

[Event "4th Polonia Wroclaw Open A"]
[Site "Wroclaw POL"]
[Date "2009.06.20"]
[Round "1"]
[White "Aleksandrov,A"]
[Black "Szczepkowska Horowska,K"]
[Result "1-0"]
[WhiteElo "2624"]
[BlackElo "2288"]
[EventDate "2009.06.20"]

1. d4 d6 2. e4 Nf6 3. Nc3 Nc6 4. Bg5 h6 5. Bxf6 exf6 6. d5 Ne7 7. Qd4 a6 8.
O-O-O Ng6 9. Nge2 Be7 10. Ng3 O-O 11. h4 Re8 12. h5 Ne5 13. Be2 c5 14. dxc6
bxc6 15. f4 c5 16. Qd2 Nc6 17. Nf5 Bxf5 18. exf5 Nd4 19. Bc4 Bf8 20. g4 Rb8
21. Nd5 Qd7 22. b3 Qd8 23. Rh3 Nc6 24. a4 Re4 25. Bxa6 Nb4 26. Nxb4 Rbxb4
27. Bd3 Rxf4 28. c3 Rbe4 29. Bxe4 Rxe4 30. Re3 Re5 31. Kb2 Qa8 32. Rxe5
fxe5 33. Qd5 Qa6 34. Qc4 Qa8 35. Rd2 Be7 36. Qd5 Qa6 37. Ka2 Qf1 38. Qa8+
Kh7 39. Qg2 Qa6 40. Qd5 Kg8 41. Kb2 Qf1 42. Qc6 Bg5 43. Rc2 Qd3 44. a5 e4
45. a6 1-0

[Event "4th Polonia Wroclaw Open A"]
[Site "Wroclaw POL"]
[Date "2009.06.20"]
[Round "1"]
[White "Banasik,K"]
[Black "Baklan,V"]
[Result "0-1"]
[WhiteElo "2279"]
[BlackElo "2618"]
[EventDate "2009.06.20"]

1. e4 c5 2. d3 Nc6 3. Nc3 g6 4. g3 Bg7 5. Bg2 d6 6. Nge2 Bd7 7. Be3 Nd4 8.
h3 b5 9. Qd2 Rb8 10. Nd1 b4 11. g4 h5 12. g5 e5 13. f4 Ne7 14. O-O O-O 15.
c3 bxc3 16. bxc3 Nxe2+ 17. Qxe2 exf4 18. Bxf4 Be6 19. Rc1 Rb6 20. Qf2 Qd7
21. h4 d5 22. Qxc5 dxe4 23. dxe4 Bxa2 24. Ne3 Rc8 25. Qa5 Bb3 26. Nd5 Nxd5
27. exd5 Rb5 28. Qa6 Bc4 29. Rfd1 Rb2 30. Qa3 Rxg2+ 31. Kxg2 Qg4+ 0-1

[Event "4th Polonia Wroclaw Open A"]
[Site "Wroclaw POL"]
[Date "2009.06.20"]
[Round "1"]
[White "Malakhatko,V"]
[Black "Orzechowski,J"]
[Result "1-0"]
[WhiteElo "2610"]
[BlackElo "2268"]
[EventDate "2009.06.20"]

1. d4 Nf6 2. c4 c5 3. d5 g6 4. Nc3 Bg7 5. e4 d6 6. Bd3 O-O 7. h3 e6 8. Nf3
Na6 9. O-O e5 10. a3 h6 11. Re1 Nh7 12. Nh2 f5 13. exf5 gxf5 14. f4 e4 15.
Bc2 Bxc3 16. bxc3 Qh4 17. Be3 Rf7 18. Qd2 Rg7 19. Kh1 Nf6 20. Bf2 Qh5 21.
Rg1 Bd7 22. a4 Re8 23. Qe3 Qf7 24. Bh4 Rf8 25. Rab1 b6 26. a5 Rb8 27. axb6
axb6 28. g4 fxg4 29. Bxf6 Qxf6 30. hxg4 Nc7 31. Bxe4 Re8 32. Qf3 b5 33. Bd3
bxc4 34. Bxc4 Rf8 35. Rbf1 Nb5 36. Rg3 Na3 37. Bd3 c4 38. Be4 Nb5 39. Bb1
Na3 40. Be4 Nb5 41. Bc2 Na3 42. Bd1 Bc8 43. Ba4 Bb7 44. Bc6 Qf7 45. Qg2
Bxc6 46. dxc6 Nb5 47. g5 hxg5 48. Rxg5 Nc7 49. Rxg7+ Qxg7 50. Qe2 Qf7 51.
Rg1+ Kh8 52. Qg4 Qh7 53. f5 Rxf5 54. Rg3 1-0

[Event "4th Polonia Wroclaw Open A"]
[Site "Wroclaw POL"]
[Date "2009.06.20"]
[Round "1"]
[White "Wieczorek,O"]
[Black "Balogh,C"]
[Result "0-1"]
[WhiteElo "2267"]
[BlackElo "2609"]
[EventDate "2009.06.20"]

1. e4 c5 2. Nf3 e6 3. d4 cxd4 4. Nxd4 a6 5. Nc3 Qc7 6. Be2 Nc6 7. O-O b5 8.
Re1 Bd6 9. g3 Nxd4 10. Qxd4 Be5 11. Qd3 Bb7 12. Bd2 Nf6 13. Bf1 h5 14. f4
Bd6 15. Bg2 Ng4 16. Nd1 Bc5+ 17. Ne3 h4 18. Bf3 hxg3 19. hxg3 Rh3 20. Kg2
Rh2+ 21. Kg1 Rxd2 22. Qxd2 Nxe3 23. Rxe3 Bxe3+ 24. Qxe3 Qxc2 25. Qd4 Kf8
26. Rd1 Bc6 27. a3 Qc4 28. Kf2 Qxd4+ 29. Rxd4 Ke7 30. Ke3 Rh8 31. Rd2 Rh3
32. Rg2 f6 33. Bg4 Rh1 34. Bf3 Re1+ 35. Kf2 Rb1 36. Ke3 a5 37. Rd2 g5 38.
Bd1 Rc1 39. Bf3 Rc4 40. e5 fxe5 41. fxe5 Bxf3 42. Kxf3 b4 43. axb4 Rxb4 44.
Rc2 Rb5 45. Re2 Kf7 46. Ke4 Rb4+ 47. Kf3 g4+ 48. Ke3 Kg6 49. Rd2 Kf5 50.
Rxd7 Rxb2 51. Rh7 Rb3+ 52. Kf2 a4 53. Ra7 a3 54. Ra4 Rb2+ 55. Ke3 a2 56.
Ra5 Rg2 57. Kd4 Rxg3 58. Rxa2 Rb3 59. Rf2+ Rf3 60. Rb2 g3 61. Rb8 g2 62.
Rf8+ Kg4 63. Rg8+ Kh3 64. Ke4 Rf1 65. Rh8+ Kg3 66. Rg8+ Kf2 67. Rf8+ Ke2
0-1

[Event "4th Polonia Wroclaw Open A"]
[Site "Wroclaw POL"]
[Date "2009.06.20"]
[Round "1"]
[White "Bartel,Mat"]
[Black "Bures,J"]
[Result "1-0"]
[WhiteElo "2601"]
[BlackElo "2263"]
[EventDate "2009.06.20"]

1. d4 d5 2. c4 c6 3. Nf3 Nf6 4. Nc3 dxc4 5. a4 Bf5 6. e3 e6 7. a5 Bd3 8.
Bxd3 cxd3 9. Ne5 Nfd7 10. Nxd3 c5 11. O-O Nc6 12. a6 b6 13. Qa4 Rc8 14. Nb5
cxd4 15. exd4 Be7 16. Bf4 O-O 17. Rac1 Nf6 18. Rxc6 1-0

[Event "4th Polonia Wroclaw Open A"]
[Site "Wroclaw POL"]
[Date "2009.06.20"]
[Round "1"]
[White "Bebel,A"]
[Black "Macieja,B"]
[Result "1/2-1/2"]
[WhiteElo "2252"]
[BlackElo "2601"]
[EventDate "2009.06.20"]

1. e4 e5 2. Nf3 Nc6 3. Bb5 a6 4. Bxc6 dxc6 5. O-O Qf6 6. d3 Bg4 7. Nbd2 c5
8. h3 Bh5 9. b3 Bd6 10. Qe2 Ne7 11. g4 Bg6 12. Nc4 h5 13. Kg2 Qe6 14. Ne3
f6 15. Nf5 O-O-O 16. N3h4 Bf7 17. Nxg7 Qd7 18. Ngf5 Rdg8 19. f3 Be6 20. Rh1
Bxf5 21. Nxf5 Nxf5 22. exf5 Qxf5 23. Bd2 Qd7 24. Kf2 f5 25. gxf5 Rf8 26.
Qe4 Rxf5 27. Raf1 Rf7 28. Ke2 Rg8 29. Be3 Rfg7 30. Qh4 Qf5 31. Rhg1 Be7 32.
Rxg7 Rxg7 33. Qe4 Qxh3 34. Qxe5 Rg2+ 35. Rf2 Kd7 36. Qd5+ Kc8 37. Qe5 Kd7
38. Qd5+ Kc8 39. Qe5 1/2-1/2

[Event "4th Polonia Wroclaw Open A"]
[Site "Wroclaw POL"]
[Date "2009.06.20"]
[Round "1"]
[White "Yemelin,V"]
[Black "Lehmann,Ho"]
[Result "1-0"]
[WhiteElo "2582"]
[BlackElo "2243"]
[EventDate "2009.06.20"]

1. e4 c5 2. Nf3 d6 3. d4 cxd4 4. Nxd4 Nf6 5. Nc3 g6 6. Be3 Bg7 7. f3 O-O 8.
Qd2 Nc6 9. g4 h5 10. gxh5 Nxh5 11. O-O-O Qa5 12. Rg1 Nxd4 13. Bxd4 e5 14.
Be3 Be6 15. a3 Rfc8 16. Nb5 Qa4 17. Nxd6 Bf8 18. Nxc8 Rxc8 19. Kb1 b5 20.
Qd3 Bc4 21. Qd7 Be6 22. Rxg6+ Ng7 23. Rxe6 Qxc2+ 24. Ka2 Rc3 25. Rd3 Qb3+
26. Kb1 Bxa3 27. Qd8+ Ne8 28. Rxe8+ 1-0

[Event "4th Polonia Wroclaw Open A"]
[Site "Wroclaw POL"]
[Date "2009.06.20"]
[Round "1"]
[White "Marie,M"]
[Black "Olszewski,Mi"]
[Result "1/2-1/2"]
[WhiteElo "2241"]
[BlackElo "2538"]
[EventDate "2009.06.20"]

1. e4 c5 2. Nf3 d6 3. d4 cxd4 4. Nxd4 Nf6 5. Nc3 a6 6. Bg5 e6 7. f4 Qc7 8.
Qf3 b5 9. O-O-O b4 10. Nce2 Nbd7 11. g4 Bb7 12. Ng3 Be7 13. Bd3 O-O 14. h4
Rac8 15. Kb1 Nc5 16. h5 Na4 17. f5 Nxb2 18. Kxb2 Qc3+ 19. Kb1 Qxd4 20. Be3
Qc3 21. g5 Nd7 22. Ne2 Qc7 23. Nd4 Ne5 24. Qg3 d5 25. Bf4 Bd6 26. g6 Nc4
27. gxf7+ Rxf7 28. Bxd6 Qxd6 29. Qxd6 Nxd6 30. fxe6 Re7 31. e5 Nc4 32. Bxc4
dxc4 33. Nf5 Rxe6 34. Rhg1 Rxe5 35. Nh6+ Kf8 36. Rdf1+ Ke8 37. Rxg7 Rxh5
38. Ng8 Rh1 39. Nf6+ Kf8 40. Rxh1 Kxg7 41. Rxh7+ Kxf6 42. Rxb7 1/2-1/2

[Event "4th Polonia Wroclaw Open A"]
[Site "Wroclaw POL"]
[Date "2009.06.20"]
[Round "1"]
[White "Muzychuk,A"]
[Black "Krupa,M"]
[Result "1-0"]
[WhiteElo "2533"]
[BlackElo "2227"]
[EventDate "2009.06.20"]

1. e4 c5 2. Nf3 Nc6 3. Bb5 g6 4. O-O Bg7 5. Re1 Nf6 6. e5 Ng4 7. d4 cxd4 8.
Bf4 Qb6 9. Na3 O-O 10. h3 Nh6 11. Qd2 Nf5 12. g4 d6 13. gxf5 dxe5 14. Bxc6
exf4 15. Be4 gxf5 16. Bd3 Qh6 17. Kh2 Be6 18. Rg1 Kh8 19. Rae1 Bd5 20. Ng5
Qh4 21. Bxf5 e5 22. Ne4 Bh6 23. f3 Bxe4 24. Rxe4 Rg8 25. Qe1 Rg3 26. Rxg3
fxg3+ 27. Qxg3 Bf4 28. Rxf4 Qxf4 29. Qxf4 exf4 30. Be4 Rd8 31. Nc4 b6 32.
Ne5 Kg7 33. Nd3 f5 34. Bxf5 Rf8 35. Be4 h5 36. Ne5 Rd8 37. Ng6 1-0

[Event "4th Polonia Wroclaw Open A"]
[Site "Wroclaw POL"]
[Date "2009.06.20"]
[Round "1"]
[White "Harestad,H"]
[Black "Swiercz,D"]
[Result "0-1"]
[WhiteElo "2235"]
[BlackElo "2492"]
[EventDate "2009.06.20"]

1. d4 f5 2. c4 Nf6 3. Nf3 g6 4. g3 Bg7 5. Bg2 O-O 6. O-O d6 7. Nc3 e6 8.
Qc2 Nc6 9. d5 Nb4 10. Qb3 Na6 11. Qc2 e5 12. Rd1 Qe7 13. a3 Nc5 14. b4 Nce4
15. Nxe4 Nxe4 16. Nd2 Nf6 17. Bb2 f4 18. Ne4 Bf5 19. Rf1 Kh8 20. Rad1 c6
21. dxc6 bxc6 22. b5 Rab8 23. Bc3 cxb5 24. Bb4 Qb7 25. Nxf6 Bxc2 26. Bxb7
Bxd1 27. Rxd1 Rxb7 28. Ne4 bxc4 29. Nxd6 Rd7 30. Rc1 Rb8 31. Rxc4 Bf8 32.
Ne4 Bxb4 33. axb4 Rd4 0-1

[Event "4th Polonia Wroclaw Open A"]
[Site "Wroclaw POL"]
[Date "2009.06.21"]
[Round "2"]
[White "Muzychuk,M"]
[Black "Tiviakov,S"]
[Result "0-1"]
[WhiteElo "2441"]
[BlackElo "2697"]
[EventDate "2009.06.20"]

1. e4 c5 2. Nf3 d6 3. Bb5+ Nd7 4. d4 Ngf6 5. Nc3 a6 6. Bxd7+ Nxd7 7. d5 g6
8. Be3 Bg7 9. O-O b5 10. Qc1 h6 11. Ne2 Nb6 12. Nd2 O-O 13. c3 f5 14. f3 g5
15. Qc2 f4 16. Bf2 e6 17. dxe6 Bxe6 18. Nc1 Nd7 19. Nd3 Qe7 20. a4 Ne5 21.
Nxe5 Bxe5 22. axb5 axb5 23. Qd3 Qb7 24. Rfb1 Ra6 25. Rxa6 Qxa6 26. g4 Rb8
27. Kg2 Qa2 28. b3 Kg7 29. Kf1 c4 30. Qe2 cxb3 31. Qd1 b4 32. c4 Qc2 33.
Ke1 Bxc4 34. Rc1 Qxd1+ 35. Kxd1 Bf7 36. Rc7 b2 37. Kc2 b3+ 38. Kb1 Ra8 39.
Ra7 Rxa7 40. Bxa7 Bc3 0-1